[Event "LGA Premium Cup"]
[Site "schach.lga.de"]
[Date "2005.09.10"]
[Round "4.27"]
[White "Werner, Thomas"]
[Black "Morgenstern, Petra"]
[Result "1/2-1/2"]
[WhiteElo "1938"]
[BlackElo "2036"]
[PlyCount "73"]
[EventDate "2005.09.10"]
[SourceDate " "]

1. d4 d5 2. c4 c6 3. cxd5 cxd5 4. Nc3 Nc6 5. Bf4 Nf6 6. e3 a6 7. Bd3 g6 8. Rc1
Bg7 9. h3 O-O 10. Nf3 Qb6 11. Qd2 Bd7 12. Ne5 Qd8 13. O-O Bc8 14. Nxc6 bxc6 15.
Na4 Bd7 16. Be5 Nh5 17. Bxg7 Nxg7 18. Nc5 a5 19. Rc2 Ne6 20. Na4 Ng5 21. f4 Ne4
22. Bxe4 dxe4 23. Rfc1 Be6 24. b3 Bd5 25. Rc5 f6 26. Nc3 h6 27. Rf1 f5 28. Qf2
Qd6 29. Rc1 Rf6 30. Qc2 g5 31. Nxd5 cxd5 32. Rc8+ Rxc8 33. Qxc8+ Rf8 34. Qc2
Qd8 35. Qc7 e6 36. g3 Qe8 37. Qc5 1/2-1/2

[Event "LGA Premium Cup"]
[Site "schach.lga.de"]
[Date "2005.09.10"]
[Round "4.28"]
[White "Ter-Akopyan, Bagrat"]
[Black "Vogiatzis, Joannis"]
[Result "1-0"]
[WhiteElo "1813"]
[BlackElo "2034"]
[PlyCount "48"]
[EventDate "2005.09.10"]
[SourceDate " "]

1. e4 d6 2. d4 Nf6 3. Nc3 g6 4. Bc4 Nxe4 5. Bxf7+ Kxf7 6. Nxe4 Bg7 7. Nf3 h6 8.
c3 e6 9. Qd3 Qe7 10. Bd2 Nd7 11. O-O-O Nf6 12. Ng3 Nd7 13. h4 Nf8 14. Rde1 Kg8
15. h5 g5 16. Nf5 Qf7 17. Nxg7 Kxg7 18. Reg1 Bd7 19. Ne1 Qf5 20. f4 g4 21. Qe2
Rg8 22. Nc2 Kf7 23. Ne3 Qh7 24. Nxg4 Ke8 1-0

[Event "LGA Premium Cup"]
[Site "schach.lga.de"]
[Date "2005.09.10"]
[Round "4.29"]
[White "Kaspar, Willi"]
[Black "Umrath, Stephan"]
[Result "1-0"]
[WhiteElo "2032"]
[BlackElo "1407"]
[PlyCount "37"]
[EventDate "2005.09.10"]
[SourceDate " "]

1. e4 c5 2. f4 Nc6 3. c3 d6 4. Be2 g6 5. Nf3 Bg7 6. O-O e5 7. d3 Nge7 8. fxe5
dxe5 9. Be3 b6 10. Qe1 O-O 11. Nbd2 Bg4 12. Qh4 Qc8 13. Ng5 h6 14. Ngf3 Qd7 15.
h3 Be6 16. Ng5 f6 17. Nxe6 Qxe6 18. d4 exd4 19. Bc4 1-0

[Event "LGA Premium Cup"]
[Site "schach.lga.de"]
[Date "2005.09.10"]
[Round "4.30"]
[White "Bauer, Andreas"]
[Black "Hintyes, Helmuth"]
[Result "1-0"]
[WhiteElo "2219"]
[BlackElo "1809"]
[PlyCount "37"]
[EventDate "2005.09.10"]
[SourceDate " "]

1. e4 e5 2. Nf3 d6 3. d4 exd4 4. Nxd4 Nf6 5. Nc3 Nbd7 6. Be2 Nc5 7. f3 Be7 8.
O-O O-O 9. Be3 a5 10. Qd2 Be6 11. Nxe6 Nxe6 12. f4 c6 13. Bf3 Nc7 14. a4 Qd7
15. Rad1 Rfd8 16. h3 Ra6 17. Qf2 d5 18. e5 Nfe8 19. Bg4 1-0

[Event "LGA Premium Cup"]
[Site "schach.lga.de"]
[Date "2005.09.10"]
[Round "4.31"]
[White "Demburg, Dimitrij"]
[Black "Kordts, Wolfgang"]
[Result "1/2-1/2"]
[WhiteElo "1927"]
[BlackElo "2264"]
[PlyCount "70"]
[EventDate "2005.09.10"]
[SourceDate " "]

1. e4 c5 2. Nc3 Nc6 3. g3 g6 4. Bg2 Bg7 5. d3 d6 6. Be3 e6 7. Qd2 Rb8 8. f4
Nge7 9. Nf3 Nd4 10. O-O O-O 11. Nd1 b5 12. c3 Nxf3+ 13. Bxf3 b4 14. g4 bxc3 15.
bxc3 f5 16. Rf2 Qa5 17. Rc1 Rd8 18. exf5 exf5 19. h3 Bb7 20. Qe2 Nd5 21. Bxd5+
Bxd5 22. c4 Bc6 23. gxf5 gxf5 24. Bd2 Qc7 25. Bc3 Re8 26. Qd2 Re6 27. Kh2 Rbe8
28. Bxg7 Qxg7 29. Ne3 Qf7 30. Nd5 Bxd5 31. cxd5 Rg6 32. d4 c4 33. Rxc4 Qxd5 34.
Rc7 Re4 35. Rxa7 Rxd4 1/2-1/2

[Event "LGA Premium Cup"]
[Site "schach.lga.de"]
[Date "2005.09.10"]
[Round "4.32"]
[White "Dinger, Florian"]
[Black "Klein, Waldemar"]
[Result "1-0"]
[WhiteElo "2179"]
[BlackElo "2008"]
[PlyCount "75"]
[EventDate "2005.09.10"]
[SourceDate " "]

1. e4 c6 2. d4 g6 3. Be3 d5 4. Nc3 e6 5. a3 Bg7 6. f3 Nf6 7. h3 Qc7 8. Qd2 Qg3+
9. Bf2 Qc7 10. e5 Nfd7 11. f4 h5 12. Nf3 b6 13. Bd3 Ba6 14. O-O-O Bxd3 15. Qxd3
b5 16. g4 Bh6 17. Be3 Nf8 18. f5 Bxe3+ 19. Qxe3 Qe7 20. Rdf1 Nbd7 21. Ng5 Nh7
22. h4 hxg4 23. fxe6 fxe6 24. Rf7 Qxf7 25. Nxf7 Kxf7 26. Qf4+ Kg7 27. Qxg4 Rae8
28. Ne2 c5 29. Nf4 Nhf8 30. Rg1 Rh6 31. c3 cxd4 32. cxd4 Nb8 33. h5 Nc6 34.
hxg6 Rc8 35. Kb1 Nd8 36. Qg5 Rh2 37. Qe7+ Kg8 38. g7 1-0

[Event "LGA Premium Cup"]
[Site "schach.lga.de"]
[Date "2005.09.10"]
[Round "4.33"]
[White "Zwingel, Stephan"]
[Black "Seeger, Peter"]
[Result "1-0"]
[WhiteElo "1879"]
[BlackElo "2116"]
[PlyCount "77"]
[EventDate "2005.09.10"]
[SourceDate " "]

1. c4 c6 2. g3 d5 3. cxd5 cxd5 4. Bg2 Nf6 5. Nf3 e6 6. d4 Bd6 7. Nc3 Nbd7 8.
Qc2 O-O 9. O-O a6 10. b3 b5 11. e4 dxe4 12. Nxe4 Nxe4 13. Qxe4 Rb8 14. Bg5 Be7
15. Bf4 Bb7 16. Qe2 Rc8 17. Rac1 Nb6 18. Rfd1 Nd5 19. Bd2 Rxc1 20. Rxc1 Qa8 21.
Qf1 Ba3 22. Rc2 Rd8 23. Qd3 h6 24. Ba5 Rc8 25. Ne5 f6 26. Nd7 Rxc2 27. Qxc2 Qc8
28. Nc5 Bc6 29. h4 f5 30. Bd2 Nf6 31. Nxe6 Qxe6 32. Qxc6 Qe2 33. Bxh6 Ng4 34.
Qc8+ Bf8 35. Bd5+ Kh7 36. Qxf5+ Kxh6 37. Qf4+ Kh7 38. Be4+ Kh8 39. Qxf8# 1-0

[Event "LGA Premium Cup"]
[Site "schach.lga.de"]
[Date "2005.09.10"]
[Round "4.34"]
[White "Yin, Zixiao"]
[Black "Baeuml, Ulrich"]
[Result "1/2-1/2"]
[WhiteElo "1849"]
[BlackElo "2108"]
[PlyCount "66"]
[EventDate "2005.09.10"]
[SourceDate " "]

1. c3 e5 2. d3 d5 3. Na3 c5 4. Nf3 Nc6 5. g3 Nf6 6. Bg5 Be7 7. Nc2 d4 8. cxd4
exd4 9. Bg2 O-O 10. O-O h6 11. Bxf6 Bxf6 12. Nd2 Be6 13. Qc1 Rc8 14. Ne4 Be7
15. Na3 b6 16. Qd1 Qd7 17. Qa4 Rfd8 18. Nc4 Nb4 19. Qxd7 Rxd7 20. a3 Nc6 21. f4
b5 22. f5 Bd5 23. Ncd2 f6 24. Rac1 Ne5 25. h3 Bf7 26. Nf3 Nxf3+ 27. Bxf3 Rdc7
28. Rfd1 a5 29. Kf2 a4 30. e3 Bb3 31. Rd2 dxe3+ 32. Kxe3 Bf7 33. Nc3 b4 1/2-1/2

[Event "LGA Premium Cup"]
[Site "schach.lga.de"]
[Date "2005.09.10"]
[Round "4.35"]
[White "Meyer, Friedrich"]
[Black "Sippl, Martin"]
[Result "1/2-1/2"]
[WhiteElo "1837"]
[BlackElo "2092"]
[PlyCount "54"]
[EventDate "2005.09.10"]
[SourceDate " "]

1. d4 Nf6 2. Nf3 d6 3. Nc3 c6 4. e4 Nbd7 5. a4 e5 6. Bc4 h6 7. O-O Be7 8. a5
Qc7 9. Qe2 Nf8 10. h3 g5 11. dxe5 dxe5 12. Nh2 Ng6 13. Ng4 Nxg4 14. hxg4 Qd7
15. Qf3 Rh7 16. Qf5 Qd6 17. Qf3 Nf4 18. g3 Nh3+ 19. Kg2 h5 20. Qd3 Qh6 21. Be3
h4 22. Rh1 Bxg4 23. f3 Bd7 24. g4 Nf4+ 25. Bxf4 gxf4 26. Kh3 Rd8 27. Qe2 Bc5
1/2-1/2

[Event "LGA Premium Cup"]
[Site "schach.lga.de"]
[Date "2005.09.10"]
[Round "4.36"]
[White "Hirschberg, Valerian"]
[Black "Seyb, Alexander"]
[Result "1/2-1/2"]
[WhiteElo "1810"]
[BlackElo "2081"]
[PlyCount "20"]
[EventDate "2005.09.10"]
[SourceDate " "]

1. Nf3 g6 2. c4 Bg7 3. g3 e5 4. Nc3 d6 5. Bg2 Nc6 6. O-O Nf6 7. d4 O-O 8. e4 h6
9. h3 a5 10. Be3 Nd7 1/2-1/2

[Event "LGA Premium Cup"]
[Site "schach.lga.de"]
[Date "2005.09.10"]
[Round "4.37"]
[White "Güldner, Udo"]
[Black "Lange, Carsten"]
[Result "1/2-1/2"]
[WhiteElo "1777"]
[BlackElo "2077"]
[PlyCount "124"]
[EventDate "2005.09.10"]
[SourceDate " "]

1. d4 Nf6 2. Nf3 g6 3. e3 Bg7 4. c4 d5 5. Nc3 O-O 6. cxd5 Nxd5 7. Bc4 Nxc3 8.
bxc3 c5 9. O-O Nc6 10. Ba3 b6 11. Rc1 Na5 12. Be2 Be6 13. c4 Qc7 14. d5 Bd7 15.
Qc2 e5 16. e4 Nb7 17. Bb2 Rae8 18. Bd3 Nd6 19. Nd2 f5 20. Rce1 f4 21. f3 Bf6
22. a4 g5 23. g4 h5 24. h3 Kf7 25. Kf2 Rh8 26. Rh1 Rh6 27. Be2 Reh8 28. Kg2 Qc8
29. Reg1 R8h7 30. Qc1 Qh8 31. a5 hxg4 32. fxg4 Ke7 33. axb6 axb6 34. Qa1 Rxh3
35. Rxh3 Rxh3 36. Rh1 Rxh1 37. Qxh1 Qxh1+ 38. Kxh1 Ba4 39. Kg2 Bc2 40. Kf3 Kd7
41. Ba1 Kc7 42. Bc3 Kb7 43. Ba1 Ka6 44. Bc3 Ba4 45. Nb1 Bd7 46. Na3 Nf7 47. Kg2
Be7 48. Bd2 Bd6 49. Bc3 Nh6 50. Kh3 Ng8 51. Nb5 Bxb5 52. cxb5+ Kb7 53. Kg2 Nf6
54. Kf3 Nd7 55. Bc4 {Remisgebot} Kc7 56. Bb2 Be7 57. Bc3 Bf6 58. Bb2 Nf8 59.
Bc3 Ng6 60. Be1 Ne7 61. Ke2 Nc8 62. Kd3 Nd6 1/2-1/2

[Event "LGA Premium Cup"]
[Site "schach.lga.de"]
[Date "2005.09.10"]
[Round "4.38"]
[White "Kordts, Florian"]
[Black "Hettler, Wolfgang"]
[Result "0-1"]
[WhiteElo "1719"]
[BlackElo "2077"]
[PlyCount "68"]
[EventDate "2005.09.10"]
[SourceDate " "]

1. c4 Nf6 2. Nc3 g6 3. e4 e5 4. Nf3 d6 5. d4 Nbd7 6. Bg5 h6 7. Bh4 g5 8. Bg3
Qe7 9. Nb5 Nb6 10. dxe5 Nxe4 11. exd6 Nxd6+ 12. Qe2 Qxe2+ 13. Bxe2 Nxb5 14.
cxb5 Bg7 15. O-O-O Be6 16. b3 O-O 17. Nd4 Bd5 18. Bf3 Bxf3 19. Nxf3 a6 20. bxa6
Rxa6 21. Kb1 c6 22. Be5 Nd5 23. Bxg7 Kxg7 24. Kb2 Rfa8 25. Ra1 Nf4 26. Ne1 Re8
27. Kb1 Re2 28. Rf1 Nd5 29. a3 Rb6 30. b4 c5 31. Kc1 cxb4 32. axb4 Rc6+ 33. Kd1
Nc3+ 34. Kc1 Ne4+ 0-1

[Event "LGA Premium Cup"]
[Site "schach.lga.de"]
[Date "2005.09.10"]
[Round "4.39"]
[White "Vogiatzis, Dimitrios"]
[Black "Zeitler, Hans-Jürgen"]
[Result "1/2-1/2"]
[WhiteElo "2070"]
[BlackElo "1950"]
[PlyCount "32"]
[EventDate "2005.09.10"]
[SourceDate " "]

1. e4 c5 2. Nf3 d6 3. b4 cxb4 4. a3 b3 5. cxb3 Nf6 6. Nc3 Bg4 7. h3 Bxf3 8.
Qxf3 Qb6 9. Bb5+ Nbd7 10. O-O e6 11. a4 Be7 12. a5 Qc7 13. a6 O-O 14. d4 bxa6
15. Rxa6 Rfc8 16. Bb2 Qb7 1/2-1/2

[Event "LGA Premium Cup"]
[Site "schach.lga.de"]
[Date "2005.09.10"]
[Round "4.40"]
[White "Bildt, Maximilian"]
[Black "Schmitz, Manuela"]
[Result "0-1"]
[WhiteElo "1654"]
[BlackElo "2051"]
[PlyCount "56"]
[EventDate "2005.09.10"]
[SourceDate " "]

1. e4 e6 2. d4 d5 3. Nc3 Bb4 4. Bd3 dxe4 5. Bxe4 Nf6 6. Bg5 Nbd7 7. Nge2 h6 8.
Bd2 e5 9. dxe5 Nxe5 10. O-O O-O 11. b3 c6 12. f4 Neg4 13. Bf3 Bc5+ 14. Kh1 Nf2+
15. Rxf2 Bxf2 16. h3 Be6 17. g4 Bd5 18. Nxd5 Nxd5 19. Qc1 Re8 20. c4 Qh4 21.
Qf1 Ne3 22. Bxe3 Rxe3 23. Nd4 g6 24. Bg2 Rae8 25. Nc2 Re2 26. Rc1 Rxc2 27. Rxc2
Re1 28. Rxf2 Qxf2 0-1

[Event "LGA Premium Cup"]
[Site "schach.lga.de"]
[Date "2005.09.10"]
[Round "4.41"]
[White "Classen, Anton"]
[Black "Süß, Helmut"]
[Result "0-1"]
[WhiteElo "1546"]
[BlackElo "2044"]
[PlyCount "158"]
[EventDate "2005.09.10"]
[SourceDate " "]

1. e4 c6 2. Nc3 d5 3. Nf3 Bg4 4. exd5 cxd5 5. d4 e6 6. a3 Nc6 7. Be3 Nf6 8. Be2
Be7 9. O-O O-O 10. h3 Bxf3 11. Bxf3 Na5 12. Qd3 Qc7 13. Nd1 Qc4 14. Be2 Qxd3
15. Bxd3 Rac8 16. c3 Bd6 17. Re1 Nc4 18. Rb1 Rc6 19. g3 a6 20. Kg2 Rb8 21. Bxc4
Rxc4 22. f4 Ne4 23. Nf2 f5 24. Nxe4 fxe4 25. Re2 b5 26. Rf1 g6 27. Rff2 a5 28.
Bd2 b4 29. axb4 axb4 30. Re3 b3 31. Re1 Ra8 32. Rff1 Ra2 33. Rb1 Rca4 34. Bc1
Ra1 35. Be3 Rxb1 36. Rxb1 Ra2 37. Bc1 Kf7 38. Kf2 Ke7 39. h4 h5 40. Kg2 Kf6 41.
Kh3 Kf5 42. Be3 Be7 43. Bd2 Kf6 44. Kg2 Ba3 45. Bc1 Ke7 46. Kh3 Bd6 47. Kg2 Kd7
48. Kf2 Kc6 49. Ke3 Kb5 50. Bd2 Kc4 51. Bc1 Bc7 52. Bd2 Ba5 53. Be1 Rxb2 54.
Rxb2 Bxc3 55. Rb1 Bxd4+ 56. Ke2 b2 57. Kd1 Kb3 58. Bd2 Bc3 59. Bc1 d4 60. Bxb2
Bxb2 61. Ke2 Kc2 62. Rg1 Bc1 63. Rg2 Bd2 64. g4 Bxf4 65. gxh5 gxh5 66. Ke1+ Kd3
67. Ra2 Bg3+ 68. Kd1 e3 69. Ra3+ Ke4 70. Ke2 Bxh4 71. Ra4 Bg3 72. Ra3 h4 73.
Kd1 d3 74. Ra4+ Kf3 75. Ra5 e2+ 76. Kc1 e1=Q+ 77. Kb2 Qxa5 78. Kc1 Ke2 79. Kb2
d2 0-1

[Event "LGA Premium Cup"]
[Site "schach.lga.de"]
[Date "2005.09.10"]
[Round "4.42"]
[White "Käck, Ralf"]
[Black "Ahlich, Thomas"]
[Result "1-0"]
[WhiteElo "2034"]
[BlackElo "1896"]
[PlyCount "61"]
[EventDate "2005.09.10"]
[SourceDate " "]

1. d4 Nf6 2. Nf3 e6 3. c4 b6 4. Nc3 Bb4 5. Qc2 Bb7 6. Bg5 h6 7. Bh4 g5 8. Bg3
d6 9. O-O-O Bxc3 10. Qxc3 Ne4 11. Qc2 f5 12. e3 Nd7 13. Nd2 Ndf6 14. f3 Nxd2
15. Rxd2 Qe7 16. Bd3 Nh5 17. Bf2 O-O-O 18. h3 f4 19. e4 e5 20. c5 Kd7 21. cxb6
cxb6 22. Qa4+ Ke6 23. dxe5 dxe5 24. Qxa7 Rc8+ 25. Kb1 Rc6 26. Rc1 Rhc8 27. Rdc2
Rxc2 28. Rxc2 Rd8 29. Qxb6+ Rd6 30. Qb3+ Kf6 31. Bc5 1-0

[Event "LGA Premium Cup"]
[Site "schach.lga.de"]
[Date "2005.09.10"]
[Round "4.43"]
[White "Schmitz, Stefan"]
[Black "Helmbold, Irene"]
[Result "0-1"]
[WhiteElo "1521"]
[BlackElo "1993"]
[PlyCount "56"]
[EventDate "2005.09.10"]
[SourceDate " "]

1. e4 c5 2. Nf3 e6 3. d4 cxd4 4. Nxd4 Nf6 5. Nc3 d6 6. f3 a6 7. Be3 Qc7 8. Qd2
Nbd7 9. Be2 Be7 10. O-O-O b5 11. g4 Ne5 12. b3 Bb7 13. Rhf1 O-O 14. g5 Nfd7 15.
f4 Nc6 16. Nxc6 Qxc6 17. Bf3 Rfc8 18. Ne2 Qc7 19. h4 Nc5 20. Ng3 a5 21. f5 a4
22. b4 Nb3+ 23. axb3 axb3 24. Kb2 Ra2+ 25. Kb1 Qc4 26. Rc1 bxc2+ 27. Rxc2 Rxc2
28. Qd1 Qa2# 0-1

[Event "LGA Premium Cup"]
[Site "schach.lga.de"]
[Date "2005.09.10"]
[Round "4.44"]
[White "Hohner, Karl-Heinz"]
[Black "Götz, Dieter"]
[Result "1/2-1/2"]
[WhiteElo "1991"]
[BlackElo "1857"]
[PlyCount "54"]
[EventDate "2005.09.10"]
[SourceDate " "]

1. Nf3 Nf6 2. c4 d6 3. d4 Nbd7 4. Nc3 e5 5. g3 Be7 6. Bg2 O-O 7. O-O c6 8. b3
Qc7 9. Bb2 Re8 10. e4 Bf8 11. d5 Nc5 12. Qc2 Bg4 13. b4 Ncd7 14. Qb3 a6 15. h3
Bh5 16. Nh2 Bg6 17. Rae1 h6 18. Kh1 Be7 19. f4 Nh5 20. Ne2 exf4 21. gxf4 Bh4
22. f5 Bh7 23. Rd1 Ndf6 24. Qd3 Rad8 25. Ng4 Nxg4 26. hxg4 Nf6 27. Bf3 Qe7
1/2-1/2

[Event "LGA Premium Cup"]
[Site "schach.lga.de"]
[Date "2005.09.10"]
[Round "4.45"]
[White "Koellner, Ulrich"]
[Black "Laibold, Lorenz"]
[Result "1-0"]
[WhiteElo "1952"]
[BlackElo "1749"]
[PlyCount "109"]
[EventDate "2005.09.10"]
[SourceDate " "]

1. d4 Nf6 2. c4 d6 3. Nc3 g6 4. e4 Bg7 5. f3 Nbd7 6. Bg5 c5 7. d5 O-O 8. Nh3
Ne8 9. Qd2 Nc7 10. Be2 Re8 11. Nf2 b5 12. cxb5 a6 13. O-O Rb8 14. a4 Nf8 15.
Rab1 axb5 16. Nxb5 Bd7 17. Nxd6 Bxa4 18. Nxe8 Qxe8 19. Be3 Qd7 20. Bxc5 Bb3 21.
Bd4 e5 22. Bc3 f5 23. Nd3 Qe7 24. Ra1 fxe4 25. fxe4 Qh4 26. Bxe5 Bxe5 27. Nxe5
Qxe4 28. Nc6 Re8 29. Bf3 Qc4 30. Rac1 Qb5 31. Rce1 Qc5+ 32. Qd4 Qxd4+ 33. Nxd4
Rxe1 34. Rxe1 Bxd5 35. Bxd5+ Nxd5 36. Re5 Nb6 37. b4 Kf7 38. Kf2 Nfd7 39. Re6
Nd5 40. b5 Nc5 41. Rc6 Nd3+ 42. Ke2 N3b4 43. Rc5 Ke7 44. Nc6+ Kd6 45. Nxb4 Nxb4
46. Rc1 Nd5 47. Rd1 Kc5 48. Rxd5+ Kxd5 49. Ke3 Kc5 50. Kf4 Kxb5 51. Kg5 Kc6 52.
Kh6 Kd6 53. Kxh7 g5 54. Kg6 g4 55. g3 1-0

[Event "LGA Premium Cup"]
[Site "schach.lga.de"]
[Date "2005.09.10"]
[Round "4.46"]
[White "Grimm, Pascal"]
[Black "Niederkleine, Ingmar"]
[Result "1-0"]
[WhiteElo "1838"]
[BlackElo "1593"]
[PlyCount "45"]
[EventDate "2005.09.10"]
[SourceDate " "]

1. c4 c5 2. Nc3 Nf6 3. g3 d5 4. cxd5 Nxd5 5. Bg2 e6 6. Nf3 Nc6 7. O-O Be7 8.
Nxd5 exd5 9. d4 c4 10. b3 b5 11. a4 Ba6 12. axb5 Bxb5 13. bxc4 dxc4 14. Rb1 a6
15. Ne5 Nxe5 16. Bxa8 Qxa8 17. dxe5 O-O 18. Be3 Qe4 19. Qd4 Qc6 20. Rfc1 a5 21.
Qb6 Qxb6 22. Bxb6 Bb4 23. Bxa5 1-0

[Event "LGA Premium Cup"]
[Site "schach.lga.de"]
[Date "2005.09.10"]
[Round "4.48"]
[White " , Günther"]
[Black "Wittmann, Norbert"]
[Result "1-0"]
[WhiteElo "2078"]
[BlackElo "1568"]
[PlyCount "53"]
[EventDate "2005.09.10"]
[SourceDate " "]

1. Nf3 d5 2. c4 d4 3. e3 Nc6 4. b4 Bg4 5. Qa4 Bxf3 6. gxf3 e6 7. a3 Be7 8. Bb2
Bf6 9. Qc2 Nge7 10. f4 Qd7 11. Bg2 Nf5 12. Rg1 Bh4 13. e4 Nh6 14. h3 Rd8 15. d3
f5 16. e5 Nf7 17. b5 Ne7 18. Bxb7 g5 19. Nd2 c6 20. Ba6 gxf4 21. Nf3 Ng6 22.
bxc6 Qc7 23. Nxd4 Qa5+ 24. Qc3 Qxc3+ 25. Bxc3 Nfxe5 26. c7 Rxd4 27. c8=Q+ 1-0

[Event "LGA Premium Cup"]
[Site "schach.lga.de"]
[Date "2005.09.10"]
[Round "4.49"]
[White "Seidel, Michael"]
[Black "Küffner, Christian"]
[Result "1/2-1/2"]
[WhiteElo "2076"]
[BlackElo "1567"]
[PlyCount "87"]
[EventDate "2005.09.10"]
[SourceDate " "]

1. e4 e5 2. Bc4 Nf6 3. d3 h6 4. Nf3 Nc6 5. O-O Bc5 6. c3 d5 7. exd5 Nxd5 8. d4
exd4 9. Re1+ Be6 10. cxd4 Bb6 11. Bxd5 Qxd5 12. Nc3 Qf5 13. Qa4 O-O-O 14. Be3
g5 15. Ne2 Bd5 16. Nd2 h5 17. Nc3 Be6 18. Nf3 g4 19. Nh4 Qf6 20. Ne4 Qg7 21.
Nc5 Nxd4 22. Rac1 Nc6 23. Nxb7 Kxb7 24. Qxc6+ Kb8 25. Bxb6 cxb6 26. Qc7+ Ka8
27. Nf5 Qf8 28. Qc6+ Kb8 29. Qc7+ Ka8 30. Ne7 Rd7 31. Qc8+ Qxc8 32. Rxc8+ Rxc8
33. Nxc8 Kb7 34. Rc1 Rd2 35. a3 Rxb2 36. Nd6+ Ka6 37. h3 Rb3 38. hxg4 hxg4 39.
a4 Ra3 40. Rc7 Rxa4 41. Nxf7 Bxf7 42. Rxf7 Rc4 43. Kh2 Kb5 44. Rxa7 1/2-1/2

[Event "LGA Premium Cup"]
[Site "schach.lga.de"]
[Date "2005.09.10"]
[Round "4.50"]
[White "Pühn, Georg"]
[Black "Gemmel, Jürgen"]
[Result "1-0"]
[WhiteElo "2046"]
[BlackElo "1560"]
[PlyCount "93"]
[EventDate "2005.09.10"]
[SourceDate " "]

1. e4 e5 2. Nf3 Nf6 3. Nxe5 d6 4. Nf3 Nxe4 5. c4 c5 6. Nc3 Nxc3 7. dxc3 Be7 8.
Bd3 Nc6 9. Bf4 Bg4 10. Be4 Qd7 11. Qc2 f5 12. Bd5 O-O-O 13. O-O-O Rde8 14. Qd2
Kc7 15. Rde1 h6 16. Be6 Qd8 17. Qd5 Bxf3 18. Qxf3 g5 19. Bd2 f4 20. Bd5 Bf6 21.
g3 Ne5 22. Rxe5 dxe5 23. Bxb7 Re6 24. Bd5 Ra6 25. Kb1 Qd6 26. h4 Rb8 27. Bc1
Qb6 28. Qe4 Qd6 29. Qh7+ Be7 30. hxg5 hxg5 31. Ka1 Rab6 32. Rh5 Qd7 33. Qe4 Qd6
34. Rh7 Kd8 35. Rh8+ Kc7 36. Rh7 Kd8 37. Rg7 a5 38. Qh7 Qf6 39. Rf7 Qd6 40. Qg7
a4 41. Qg8+ Kd7 42. Qxg5 fxg3 43. Qxg3 Qg6 44. Qxe5 Qd6 45. Qf5+ Kd8 46. Bf4
Rxb2 47. Bxd6 1-0

[Event "LGA Premium Cup"]
[Site "schach.lga.de"]
[Date "2005.09.10"]
[Round "4.51"]
[White "Walter, Florian"]
[Black "Hoffmann, Ayar"]
[Result "0-1"]
[WhiteElo "1528"]
[BlackElo "1844"]
[PlyCount "74"]
[EventDate "2005.09.10"]
[SourceDate " "]

1. e4 c5 2. Nf3 d6 3. d4 cxd4 4. Nxd4 Nf6 5. Nc3 a6 6. Bg5 e6 7. Qd2 Be7 8. Be2
O-O 9. Nf3 Qc7 10. Rd1 Rd8 11. O-O Nc6 12. a3 b5 13. b3 Bb7 14. h3 Rac8 15. Qe3
b4 16. Na4 bxa3 17. Nb6 Rb8 18. Bd3 Nb4 19. Nc4 Nxd3 20. cxd3 Ba8 21. Nfd2 Qc6
22. f3 d5 23. Ne5 Qb5 24. Rc1 dxe4 25. Bxf6 Bxf6 26. Rc5 Qb6 27. Ndc4 Qxb3 28.
Na5 Qb2 29. Nac4 Qb4 30. fxe4 a2 31. Ra5 Bxe5 32. Rxe5 Qc3 33. Ra5 Rxd3 34. Qf4
Rf8 35. Rxa6 Qd4+ 36. Kh1 Bxe4 37. Ne5 Rxh3+ 0-1

[Event "LGA Premium Cup"]
[Site "schach.lga.de"]
[Date "2005.09.10"]
[Round "4.52"]
[White "Lingl, Xenia"]
[Black "Königl, Anton"]
[Result "0-1"]
[WhiteElo "1511"]
[BlackElo "1769"]
[PlyCount "120"]
[EventDate "2005.09.10"]
[SourceDate " "]

1. e4 d5 2. exd5 Nf6 3. Nc3 g6 4. Bc4 Bg7 5. Nf3 Nbd7 6. d4 O-O 7. O-O Nb6 8.
Bb3 Nbxd5 9. Nxd5 Nxd5 10. c3 c6 11. h3 h6 12. Bd2 Bf5 13. Re1 Re8 14. Bc2 Bxc2
15. Qxc2 Qd6 16. Ne5 Qf6 17. Ng4 Qh4 18. Re4 Qh5 19. Ne5 Rad8 20. Nf3 Qf5 21.
Rae1 Nf6 22. g4 Nxg4 23. hxg4 Qxf3 24. R1e3 Qf6 25. Qb3 Rd7 26. Kg2 Qd6 27. Rf3
e6 28. Bf4 Qd5 29. Qxd5 cxd5 30. Re1 Rc8 31. Rh3 g5 32. Be5 Bxe5 33. Rxe5 Kg7
34. Re1 Rdc7 35. Reh1 Rh8 36. Kg3 Rc6 37. f4 gxf4+ 38. Kxf4 Kg6 39. Rh5 f6 40.
R1h2 Rc4 41. Re2 e5+ 42. Ke3 exd4+ 43. cxd4 Re8+ 44. Kd3 Rxe2 45. Kxe2 Rxd4 46.
Kf3 Rd2 47. b4 b5 48. Ke3 Rb2 49. a3 Rb3+ 50. Kf4 Rxa3 51. Rxd5 a6 52. Rd6 Ra4
53. Kf3 Ra3+ 54. Kf4 Ra4 55. Kf3 Rxb4 56. Rxa6 Kg5 57. Rb6 Rf4+ 58. Ke3 b4 59.
Kd3 Rxg4 60. Rb5+ f5 0-1

[Event "LGA Premium Cup"]
[Site "schach.lga.de"]
[Date "2005.09.10"]
[Round "4.53"]
[White "Reuschl, Stefan"]
[Black "Rottner, Wolfgang"]
[Result "0-1"]
[WhiteElo "1754"]
[BlackElo "1560"]
[PlyCount "118"]
[EventDate "2005.09.10"]
[SourceDate " "]

1. e4 e6 2. d4 d5 3. exd5 exd5 4. Bd3 Nf6 5. Nf3 Bd6 6. O-O O-O 7. Bg5 Bg4 8.
Nbd2 c6 9. Bxf6 Qxf6 10. c3 Bf5 11. Bxf5 Qxf5 12. Qb3 b6 13. Rfe1 Nd7 14. Re2
a5 15. Rae1 a4 16. Qd1 c5 17. Nf1 c4 18. Ne3 Qh5 19. a3 b5 20. Nc2 Nf6 21. h3
g5 22. Ne5 Ne4 23. Ng4 Kh8 24. Nce3 f5 25. Nxd5 Qh4 26. Ne5 g4 27. Nf4 Rf6 28.
Rxe4 fxe4 29. Rxe4 Qg5 30. Qxg4 Qxg4 31. hxg4 Raf8 32. g3 Rh6 33. Kg2 Bxe5 34.
Rxe5 Rb6 35. Nh5 Rbb8 36. f4 Kg8 37. g5 Kf7 38. Nf6 Rh8 39. Ne4 Rb6 40. f5 Rd8
41. Kf3 Rd7 42. Re6 Rb8 43. Kf4 Re7 44. Nd6+ Kf8 45. Re5 Rxe5 46. dxe5 Ke7 47.
Ke4 Rg8 48. Nxb5 Rxg5 49. Nc7 Rxg3 50. Nd5+ Kf8 51. Nb6 h5 52. Nd7+ Ke7 53. Nf6
h4 54. Nh5 Rg2 55. f6+ Kf7 56. e6+ Kf8 57. e7+ Kf7 58. Ng7 Re2+ 59. Kd4 h3 0-1

[Event "LGA Premium Cup"]
[Site "schach.lga.de"]
[Date "2005.09.10"]
[Round "4.54"]
[White "Classen, Andrej"]
[Black "Hennemann, Herbert"]
[Result "1-0"]
[WhiteElo "1718"]
[BlackElo "1524"]
[PlyCount "49"]
[EventDate "2005.09.10"]
[SourceDate " "]

1. e4 e6 2. d4 d5 3. Nd2 dxe4 4. Nxe4 Nf6 5. Bd3 Bd7 6. Nf3 Be7 7. O-O Bc6 8.
Re1 O-O 9. c3 Nxe4 10. Bxe4 Bxe4 11. Rxe4 c5 12. Bf4 Nc6 13. Qc2 Qb6 14. h4
Rac8 15. Rd1 cxd4 16. Nxd4 Bxh4 17. Be3 Nxd4 18. Bxd4 Qd8 19. Bxg7 Qg5 20. Bxf8
Kxf8 21. Qa4 Qh5 22. Rxh4 Qe2 23. Qb4+ Ke8 24. Rhd4 e5 25. Rd7 1-0

[Event "LGA Premium Cup"]
[Site "schach.lga.de"]
[Date "2005.09.10"]
[Round "4.55"]
[White "Sha, Siyu"]
[Black "Frey, Alisa"]
[Result "0-1"]
[WhiteElo "1697"]
[BlackElo "1520"]
[PlyCount "104"]
[EventDate "2005.09.10"]
[SourceDate " "]

1. e4 e5 2. Nf3 Nc6 3. Bb5 a6 4. Bxc6 dxc6 5. O-O Bd6 6. d3 Bg4 7. Nbd2 Nf6 8.
Re1 O-O 9. Nf1 Qd7 10. Ng3 Rfe8 11. h3 Be6 12. Ng5 g6 13. Nxe6 Qxe6 14. h4 Bf8
15. h5 Bg7 16. f4 exf4 17. Bxf4 Ng4 18. e5 gxh5 19. Re4 Qg6 20. Qe2 h4 21. Nf1
Re6 22. Re1 Rae8 23. d4 f5 24. Ne3 fxe4 25. Nxg4 Rf8 26. Bd2 h3 27. Qxe4 hxg2
28. Qxg2 Kh8 29. Be3 Qf5 30. Rf1 Qxf1+ 31. Qxf1 Rxf1+ 32. Kxf1 Rg6 33. Nf2 Bh6
34. Ke2 Kg7 35. Bxh6+ Rxh6 36. Ne4 b6 37. Ng5 Kf8 38. Kd3 Ke7 39. c4 {
Remisgebot} Rh5 40. Ne4 Rh3+ 41. Kd2 h5 42. b3 Rh2+ 43. Ke3 Rxa2 44. Kf4 Rg2
45. Ng3 Rh2 46. Kg5 a5 47. Nxh5 Rb2 48. d5 cxd5 49. cxd5 Rxb3 50. Nf4 Rg3+ 51.
Kf5 Rf3 52. Ke4 Rxf4+ 0-1

[Event "LGA Premium Cup"]
[Site "schach.lga.de"]
[Date "2005.09.10"]
[Round "4.56"]
[White "Golder, Waldemar"]
[Black "Thoma, Dirk"]
[Result "1-0"]
[WhiteElo "1690"]
[BlackElo "1487"]
[PlyCount "51"]
[EventDate "2005.09.10"]
[SourceDate " "]

1. c4 Nf6 2. Nc3 e6 3. e4 d6 4. d4 c5 5. d5 exd5 6. cxd5 Be7 7. f4 Bg4 8. Nf3
O-O 9. h3 Bxf3 10. Qxf3 a6 11. a4 Ne8 12. Bd3 f5 13. exf5 Bf6 14. O-O Bd4+ 15.
Be3 Rf6 16. g4 Nd7 17. Bxd4 cxd4 18. Ne4 Qa5 19. Nxf6+ Nexf6 20. b4 Qxd5 21.
Qxd5+ Nxd5 22. Bc4 N7b6 23. Ba2 Kh8 24. a5 Ne3 25. axb6 Nxf1 26. Kxf1 1-0